Statistics for Top 50 Countries With The Best Healthcare

Click here to take the quiz!

General Stats

  • This quiz has been taken 189 times
  • The average score is 39 of 50

Answer Stats

LPI RankCountry% Correct
16United Kingdom
99%
20United States
97%
13Canada
96%
5Sweden
96%
18France
95%
15Australia
94%
1Denmark
94%
17Japan
94%
3Norway
94%
23Spain
94%
6Finland
93%
2Switzerland
93%
8Germany
92%
22Belgium
91%
12Ireland
91%
7New Zealand
91%
26South Korea
91%
4Netherlands
90%
10Iceland
89%
30Italy
89%
28Portugal
89%
11Austria
88%
37Poland
88%
40Greece
84%
9Luxembourg
82%
29Latvia
79%
33Lithuania
79%
34Slovakia
78%
21Estonia
77%
46Romania
77%
14Singapore
77%
25Slovenia
77%
41Croatia
73%
39United Arab Emirates
73%
27Israel
72%
47Argentina
71%
48Bulgaria
71%
24Malta
71%
35Chile
70%
43Qatar
70%
19Taiwan
70%
45Hungary
69%
31Cyprus
59%
38Malaysia
55%
32Uruguay
51%
50Montenegro
47%
36Costa Rica
40%
44Panama
38%
42Mauritius
23%
49Seychelles
21%

Score Distribution

Percentile by Number Answered

Percent of People with Each Score

Your Score History

You have not taken this quiz